Hans Graf von Lehndorff

Titel: Hans Graf von Lehndorff / Johann Frömel
Verfasser:
In: Ostdeutsche Gedenktage, (2010), Seite 89-93
alle Artikel anzeigen
Veröffentlicht: 2010
Umfang: Illustrationen
Format: Aufsatz
Sprache: Deutsch
Schlagworte:
Kein Bild verfügbar
X
alg: 43293614
001A    $03025:22-06-18 
001B    $01999:22-06-18 $t22:59:39.000 
001C    $03025:22-06-18 $t16:43:17.000 
001D    $03025:22-06-18 
001U    $0utf8 
001X    $00 
002@    $0Aou 
002C    $aText $btxt $2rdacontent 
002D    $aohne Hilfsmittel zu benutzen $bn $2rdamedia 
002E    $aBand $bnc $2rdacarrier 
003@    $0432936149 
007A    $0432936149 $aHEB 
010@    $ager 
010E    $erda 
011@    $a2010 
021A    $aHans Graf von Lehndorff $hJohann Frömel 
028A    $BVerfasser $#Frömel, Johann Heinrich $4aut $7 $8Frömel, Johann H. [Tnd] $9149221134 
031A    $h89-93 $j2010 
034M    $aIllustrationen 
039B    $aEnthalten in $8--Abvc--. Ostdeutsche Gedenktage. - Bonn : Kulturstiftung der Vertriebenen, 1965-[2018] $x201000000000000911 $9047761881 
044K    $#Lehndorff, Hans $#Lehndorff, Hans Graf von $7118571133 $8Lehndorff, Hans$cvon$Z1910-1987 [Tp1] $908691216X 
044K    $RTrakehnen $#Yasnaya Polyana Oblast Kaliningrad $#Trakehnen $710197838-8 $8Jasnaja Poljana$gOblast Kaliningrad [Tg1] $9197188702 
044K    $RHeilberuf $RTherapeut $RÄrztin $RHeiler $#Physicians $#Médecins $#Medici $#Médicos $#physicians $#Physicians $#Ärzte $#Arzt $#Mediziner $#Ärzte $74003157-3 $8Arzt [Ts1] $9085000019 
045F    $a355.009438320904 $eDDC22BSB 
045F/01 $a355.009 
045F/03 $f04 
045F/03 $g43832 
045R    $aGeschichte 1910-1987 
045T    $a8,1 

lok: 43293614 78

exp: 43293614 78 1 #EPN
201B/01 $029-06-18 $t13:47:22.000 
201C/01 $022-06-18 
201U/01 $0utf8 
203@/01 $01023773880 
208@/01 $a22-06-18 $be 
209A/01 $a/ $f000 $x00 
209A/01 $ab*p $x01 
209S/01 $uhttps://kulturportal-west-ost.eu/biographien/lehndorff-hans-graf-von-3 $XH 
220C/01 $awma 
244Z/01 $#Preußen $#Preußen $#Brandenburg-Preußen $#Königreich Preußen $#Preußische Staaten $#Preußischer Staat $#Der @Preußische Staat $#Königlich Preußische Staaten $#Prusy Królewskie $#Königlich Preußen $#Prussia $74047194-9 $8--Tg1--Preußen $x11 $9085131652 
247C/01 $82080>Marburg/Lahn, Herder-Institut, Forschungsbibliothek, Bibliographieportal $9336309341
LEADER 00000caa a2200000 c 4500
001 432936149
003 DE-603
005 20180622225939.0
007 tu
008 180622s2010 xx |||| | u00||u|ger c
035 |a (DE-599)HEB432936149 
040 |a DE-603  |b ger  |c DE-603  |d DE-603  |e rda 
041 |a ger 
082 0 4 |8 1\u  |a 355.009438320904  |q DE-101  |2 22/BSB 
084 |a 8,1  |2 ssgn 
085 |8 1\u  |b 355.009 
085 |8 1\u  |z 1  |s 04 
085 |8 1\u  |z 2  |s 43832 
100 1 |a Frömel, Johann H.  |e Verfasser  |4 aut  |0 (DE-603)149221134 
245 0 0 |a Hans Graf von Lehndorff  |c Johann Frömel 
264 0 |c 2010 
300 |b Illustrationen 
336 |a Text  |b txt  |2 rdacontent 
337 |a ohne Hilfsmittel zu benutzen  |b n  |2 rdamedia 
338 |a Band  |b nc  |2 rdacarrier 
600 1 7 |a Lehndorff, Hans von  |d 1910-1987  |0 (DE-588)118571133  |0 (DE-603)08691216X  |2 gnd 
648 7 |a Geschichte 1910-1987  |2 gnd 
650 7 |a Arzt  |0 (DE-588)4003157-3  |0 (DE-603)085000019  |2 gnd 
651 7 |a Jasnaja Poljana  |g Oblast Kaliningrad  |0 (DE-588)10197838-8  |0 (DE-603)197188702  |2 gnd 
773 0 8 |i Enthalten in  |t Ostdeutsche Gedenktage  |d Bonn : Kulturstiftung der Vertriebenen, 1965-[2018]  |g (2010), Seite 89-93  |w (DE-603)047761881  |w (DE-600)521278-9 
924 0 |9 2080  |a (DE-603)1023773880  |b DE-2080  |c HES  |d d  |g /  |k https://kulturportal-west-ost.eu/biographien/lehndorff-hans-graf-von-3